Uluslararası tahkim ile ilgili olarak anayasanın 47., 125. ve 155. maddelerinde değişiklik öngören yasa tasarısı hakkında bilgilendirme ve tartışma notu (Record no. 6025)

MARC details
000 -BAŞLIK
Sabit Uzunlukta Kontrol Alanı 01022na a2200313 4500
001 - KONTROL NUMARASI
Denetim Alanı 22823
003 - KONTROL NUMARASI IDENTIFIER
Denetim Alanı MIRAKIL
005 - SON İŞLEM TARİHİ VE ZAMANI
Denetim Alanı 20181213155053.0
008 - SABİT-BOY VERİ ELEMANLARI - GENEL BİLGİLER
Sabit Uzunlukta Kontrol Alanı 170226b tu 000 0
040 ## - KATALOGLAMA KAYNAK
Orijinal Kataloglama Ajansı Milas
Kataloglama Dili tur
Metne Dönüştürmek Ajansı TR-AnCHP
041 ## - DİL KODU
Metin / Ses Parça Veya Ayrı Başlığın Dil Kodu tur
082 ## - DEWEY ONLU SINIFLANDIRMA NUMARASI
Sınıflandırma Numarası CHP 341.522
Ürün Numarası H21u 1999
090 ## - SINIFLAMA NUMARASI
Sınıflama Numarası CHP 341.522 H21u 1999
091 ## - MICROFILM RAF YER (AM) [OBSOLETE]
Mikrofilm Raf Yeri RAPORLAR-HUKUK-3-ANAYASA
100 ## - ANA GİRİŞ - KİŞİSEL İSİM
Kişisel Ad Hacaloğlu, Algan
245 ## - BAŞLIK TABLOSU
Başlık Uluslararası tahkim ile ilgili olarak anayasanın 47., 125. ve 155. maddelerinde değişiklik öngören yasa tasarısı hakkında bilgilendirme ve tartışma notu
Sorumluluk Tablosu, Vb Algan Hacaloğlu
260 ## - YAYIN, DAĞITIM, VB
Yayın, Dağıtım, Vb Yeri [Ankara]
Yayıncı, Dağıtıcı, Vs Adı [CHP]
Yayın, Dağıtım, Vb Tarihi 25 Temmuz 1999
300 ## - FİZİKSEL TANIM
Kapsam 18 s.
Boyutlar 30 sm.
610 ## - KONU KATMA GİRİŞ - TOPLANTI ADI
Giriş Elemanı Olarak Kurumsal Ad Veya Yargı Alanı Adı CHP
Genel Alt Bölüm Anayasa değişikliği
Kronolojik Alt Bölüm Raporlar
610 ## - KONU KATMA GİRİŞ - TOPLANTI ADI
Giriş Elemanı Olarak Kurumsal Ad Veya Yargı Alanı Adı CHP
Genel Alt Bölüm Hukuk ve mevzuat
Kronolojik Alt Bölüm Raporlar
610 ## - KONU KATMA GİRİŞ - TOPLANTI ADI
Giriş Elemanı Olarak Kurumsal Ad Veya Yargı Alanı Adı CHP
Genel Alt Bölüm Tahkim
Kronolojik Alt Bölüm Raporlar
650 ## - KONU KATMA GİRİŞ - TOPİKAL DÖNEM
Topikal Süreli Veya Coğrafi Ad Giriş Elemanı Anayasa hukuku
650 ## - KONU KATMA GİRİŞ - TOPİKAL DÖNEM
Topikal Süreli Veya Coğrafi Ad Giriş Elemanı Uluslararası tahkim
650 ## - KONU KATMA GİRİŞ - TOPİKAL DÖNEM
Topikal Süreli Veya Coğrafi Ad Giriş Elemanı Uluslararası hukuk
650 ## - KONU KATMA GİRİŞ - TOPİKAL DÖNEM
Topikal Süreli Veya Coğrafi Ad Giriş Elemanı Tahkim
830 ## - SERİSİ EKLENDİ GİRİŞ - ÜNİFORM ADI
Üniforma Başlık CHP raporları
942 ## - EKLENDİ GİRİŞ ELEMANLARI (KOHA)
Sınıflandırma Veya Raf Düzeni Kaynak Dewey Decimal Classification
Koha Öğesi Türü Books
999 ## - SİSTEM KONTROL NUMARALARI (KOHA)
Koha Biblionumber 6025
Koha Biblioitemnumber 6025
Holdings
Kalıcı Konum Mevcut Konum Edinme Tarihi Edinim Kaynak Toplam Check-Out'Lar Tam Çağrı Numarası Barkod Tarih Son Görülme İtibaren Geçerli Fiyatlar Sigara Kamu Notu Koha Öğesi Türü
CHP Kütüphanesi CHP Kütüphanesi 02/26/2017 Bağış   CHP 341.522 H21u 1999 016712 02/26/2017 02/26/2017 Ciltli Books